| 000 | 00508cam a2200205 4500 | ||
|---|---|---|---|
| 001 | D1258 | ||
| 008 | 090401t1981 xxu||||| |||| 00| 0 eng d | ||
| 035 | _a(Sirsi) u63291 | ||
| 041 | _aeng | ||
| 050 | _a336.21026 | ||
| 100 | _aBarnfield, J.O. | ||
| 245 | _aRating law and practice | ||
| 250 | _a2nd | ||
| 260 |
_aLondon _bRating and Valuation Association _c1981 |
||
| 300 | _ax1. 415p. 22cm. | ||
| 350 | _a16.5 | ||
| 520 | _a2nd edition by J.O. Barnfield et al | ||
| 942 | _n0 | ||
| 948 | _c04/03/1997 | ||
| 999 |
_c94524 _d94524 |
||